Statistics for Take it Easy Lyrics

Click here to take the quiz!

General Stats

  • This quiz has been taken 86 times
  • The average score is 182 of 241

Answer Stats

Answer% Correct
I
100%
easy,
98%
easy.
98%
take
98%
Take
98%
a
97%
it
97%
of
95%
the
95%
on,
93%
on
93%
So
93%
so
93%
me
91%
me.
91%
me,
91%
My
91%
my
91%
win.
90%
you
90%
your
90%
Don't
88%
don't
88%
got
88%
to
88%
We
88%
we
88%
let
84%
who
84%
down
83%
in
83%
in,
83%
be
81%
mine.
81%
own
81%
road
81%
say
81%
that
81%
sound
79%
friend
78%
load
78%
load,
78%
mind.
78%
one
78%
running
78%
try
78%
and
76%
seven
76%
crazy.
74%
Four
74%
loosen
74%
she's
74%
tryin'
74%
trying
74%
two
74%
Arizona,
72%
drive
72%
women
72%
I'm
71%
may
71%
wheels
71%
lose,
69%
baby,
67%
for
67%
Come
66%
love
66%
make
66%
says
66%
see.
66%
stand
66%
stone
66%
wanna
66%
Well,
66%
Well
66%
girl,
64%
look
64%
corner
62%
is
62%
It's
62%
sight
62%
such
62%
Winslow,
62%
again.
60%
at
60%
here
60%
Lord,
60%
maybe.
60%
up
60%
will
60%
fine
59%
if
59%
never
59%
Ford,
57%
standing
57%
flatbed
55%
gonna
55%
Just
55%
gotta
53%
know
53%
save
53%
slowin'
53%
can.
52%
even
50%
find.
50%
find
50%
Oh-oh-oh,
50%
sweet
50%
won't
50%
Oh,
47%
understand.
47%
blow
45%
Lighten
45%
Lookin'
45%
open
45%
place
45%
still
45%
trouble
45%
world
45%
cover,
43%
hard
43%
lover
43%
while
43%
climbin'
41%
oughta
24%
Though
16%

Score Distribution

Percentile by Number Answered

Percent of People with Each Score

Your Score History

You have not taken this quiz